| 000 | 00684nam a2200205Ia 4500 | ||
|---|---|---|---|
| 003 | GCL | ||
| 008 | 140319s9999 xx 000 0 ara d | ||
| 040 |
_aGCL / _cGCL |
||
| 082 | 0 | 4 |
_a025.341 _bن و |
| 100 | 1 | _aناهد حمدى احمد | |
| 245 | 1 | 0 |
_aالوصف الارشيفى: بين النظرية والتطبيق / _cناهد حمدى احمد |
| 300 | _a283 ص | ||
| 490 |
_aالدراسات , 2 _v0 |
||
| 650 | 0 | 4 | _aمراكز التوثيق |
| 650 | 0 | 4 | _aالارشيف والمحفوظات |
| 650 | 0 | 4 | _aالوثائق - حفظ وترتيب |
| 650 | 0 | 4 | _aالارشيف - الاجراءات الفنية |
| 650 | 0 | 4 | _aالارشيف - فهرسة |
| 942 |
_2ddc _cBK |
||
| 999 |
_c51840 _d51840 |
||